| 000 | 00399nam a2200169Ia 4500 | ||
|---|---|---|---|
| 001 | 10514 | ||
| 005 | 20260306161837.0 | ||
| 008 | 260306t9999||||xx |||||||||||||| ||spa|| | ||
| 041 | _aESP | ||
| 082 |
_a940.01 _bD32 |
||
| 100 |
_aDawson, Christopher _eAUT |
||
| 245 | 0 | _aHacia la comprensión de Europa | |
| 300 |
_apágs. : _ccm. |
||
| 650 | _aGEN | ||
| 654 | _aCHU | ||
| 942 |
_cLIB _dJUS _fJUS _2ddc _n |
||
| 999 |
_c10514 _d10514 |
||